[Event "La Vila Region-ch Preferente"]
[Site "La Vila"]
[Date "2015.11.07"]
[Round "5.6"]
[White "Vidal Mira, Rafael"]
[Black "Ortiz Roman, Javier"]
[Result "0-1"]
[WhiteElo "1367"]
[BlackElo "1680"]
[PlyCount "140"]
[EventDate "2015.10.03"]
[EventType "swiss"]
[EventRounds "7"]
[EventCountry "ESP"]
[SourceTitle "EXT 2024"]
[Source "ChessBase"]
[SourceDate "2023.10.10"]
[SourceVersion "1"]
[SourceVersionDate "2023.10.10"]
[SourceQuality "1"]

1. e4 e6 2. d4 d5 3. exd5 exd5 4. c4 Bb4+ 5. Nc3 c6 6. Nf3 Ne7 7. Bd3 Bf5 8. 0-0 0-0 9. cxd5 cxd5 10. Bxf5 Nxf5 11. Qb3 Nc6 12. Rd1 Nfe7 13. Bg5 f6 14. Be3 Qd7 15. Qc2 Rac8 16. a3 Bd6 17. Qd2 Na5 18. Qc2 Qc6 19. Qa4 Nc4 20. Qxc6 bxc6 21. Bc1 Nb6 22. Ne2 c5 23. dxc5 Bxc5 24. Nf4 Kf7 25. b4 Bd6 26. Nd3 Rc2 27. Be3 Rfc8 28. Bc5 Bxc5 29. Nxc5 R2xc5 30. bxc5 Rxc5 31. Rdc1 Ra5 32. Rc7 Kf8 33. Rcc1 Nc4 34. Nd4 Kf7 35. g3 a6 36. Re1 Ra4 37. Nb3 Ne5 38. Kg2 a5 39. f4 Nc4 40. Nc5 Rxa3 41. Rxa3 Nxa3 42. Ra1 Nc4 43. Nb7 Nc6 44. Nc5 Ke7 45. Kf2 Kd6 46. Na4 d4 47. Ke2 Kd5 48. Rb1 Nb4 49. Nb2 Nxb2 50. Rxb2 d3+ 51. Kd2 Kc4 52. Rb1 Nc2 53. Rb7 a4 54. Rc7+ Kb3 55. Kxd3 Nb4+ 56. Kd2 a3 57. Rc3+ Kb2 58. Rxa3 Kxa3 59. Ke3 Nc6 60. g4 Kb4 61. Ke4 Kc5 62. g5 Ne7 63. h4 Kd6 64. h5 f5+ 65. Kf3 Kd5 66. Ke3 Kc4 67. Ke2 Kd4 68. Kf3 Kd3 69. Kg3 Ke3 70. h6 g6 0-1